Statistics for 2017-2018 Washington Capitals Roster

Click here to take the quiz!

General Stats

  • This quiz has been taken 178 times
  • The average score is 15 of 27

Answer Stats

PositionPlayer#% Correct
Left WingAlexander Ovechkin8
100%
CentermanNicklas Bäckström19
91%
GoaltenderBraden Holtby70
90%
Right WingT. J. Oshie77
90%
DefensemanJohn Carlson74
86%
Right WingTom Wilson43
85%
CentermanLars Eller20
75%
DefensemanDmitry Orlov9
73%
Right WingJakub Vrána13
71%
DefensemanBrooks Orpik44
65%
GoaltenderPhilipp Grubauer31
64%
Left WingAndré Burakovsky65
63%
CentermanJay Beagle83
62%
DefensemanMatt Niskanen2
56%
GoaltenderPheonix Copley1
53%
Left WingBrett Connolly10
49%
DefensemanMichal Kempny6
49%
Left WingChandler Stephenson18
40%
DefensemanChristian Djoos29
39%
CentermanEvgeny Kuznetsov92
36%
Left WingNathan Walker79
33%
CentermanTravis Boyd72
33%
Right WingDevante Smith-Pelley25
25%
Right WingAlex Chiasson39
24%
DefensemanMadison Bowey22
24%
CentermanShane Gersich63
16%
DefensemanJakub Jerábek28
13%

Score Distribution

Percentile by Number Answered

Percent of People with Each Score

Your Score History

You have not taken this quiz